Normal view
MARC view
- Jackson,John H/Cyril P.Morgan/Joseph G.P.Paolillo
Entry Personal Name
001 - CONTROL NUMBER
- control field: 2858
003 - CONTROL NUMBER IDENTIFIER
- control field: JO-AjAnu
005 - DATE AND TIME OF LATEST TRANSACTION
- control field: 20230606070754.0
008 - FIXED-LENGTH DATA ELEMENTS
- fixed length control field: 230606|| aca||aabn | a|a d
040 ## - CATALOGING SOURCE
- Original cataloging agency: JO-AjAnu
- Transcribing agency: JO-AjAnu
100 ## - HEADING--PERSONAL NAME
- Personal name: Jackson,John H/Cyril P.Morgan/Joseph G.P.Paolillo
670 ## - SOURCE DATA FOUND
- Source citation: Work cat.: (JO-AjAnu)1497: Jackson,John H/Cyril P.Morgan/Joseph G.P.Paolillo, author, ORGANIZATION THEORY:AMACRO PERSPECTIVE FOR MANAGEMENT